书目信息 |
| 题名: |
沉思录
|
|
| 作者: | 奥勒留 著 ;王燕珍 , 陈利红 译 | |
| 分册: | ||
| 出版信息: | 武汉 华中科技大学出版社 2016 |
|
| 页数: | 231页 | |
| 开本: | 21cm | |
| 丛书名: | ||
| 单 册: | ||
| 中图分类: | B502.43 | |
| 科图分类: | ||
| 主题词: | 斯多葛派--哲学理论 | |
| 电子资源: | ||
| ISBN: | 978-7-5680-2257-6 | |
| 000 | 01135nam0 2200241 450 | |
| 001 | 504 | |
| 005 | 20180520222317.12 | |
| 010 | @a978-7-5680-2257-6@dCNY28.00 | |
| 100 | @a20161103d2016 em y0chiy50 ea | |
| 101 | 1 | @achi@clat |
| 102 | @aCN@b420000 | |
| 105 | @ay z 000yy | |
| 200 | 1 | @a沉思录@9chen si lu@e典藏版@f(古罗马)马可·奥勒留(Marcus Augustus)著@g王燕珍,陈利红译 |
| 210 | @a武汉@c华中科技大学出版社@d2016 | |
| 215 | @a231页@d21cm | |
| 330 | @a本书是古罗马唯一一位哲学家皇帝马可·奥勒留所著,这本自己与自己的十二卷对话,内容大部分是他在鞍马劳顿中所写,是斯多葛派哲学的一个里程碑。《沉思录》来自于作者对身羁宫廷的自身和自己所处混乱世界的感受,追求一种摆脱了激情和欲望、冷静而达观的生活。马可奥勒留在书中阐述了灵魂与死亡的关系,解析了个人的德行、个人的解脱以及个人对社会的责任,要求常常自省以达到内心的平静,要摈弃一切无用和琐屑的思想、正直地思考。 | |
| 606 | 0 | @a斯多葛派@x哲学理论 |
| 690 | @aB502.43@v5 | |
| 701 | 0 | @c(古罗马)@a奥勒留@9ao le liu@c(Augustus, Marcus)@4著 |
| 702 | 0 | @a王燕珍@9wang yan zhen@4译 |
| 702 | 0 | @a陈利红@9chen li hong@4译 |
| 801 | 0 | @aCN@b91MARC@c20161118 |
| 905 | @aMuseLib@dB502.43@e119 | |
| 沉思录:典藏版/(古罗马)马可·奥勒留(Marcus Augustus)著/王燕珍,陈利红译.-武汉:华中科技大学出版社,2016 |
| 231页;21cm |
| ISBN 978-7-5680-2257-6:CNY28.00 |
| 本书是古罗马唯一一位哲学家皇帝马可·奥勒留所著,这本自己与自己的十二卷对话,内容大部分是他在鞍马劳顿中所写,是斯多葛派哲学的一个里程碑。《沉思录》来自于作者对身羁宫廷的自身和自己所处混乱世界的感受,追求一种摆脱了激情和欲望、冷静而达观的生活。马可奥勒留在书中阐述了灵魂与死亡的关系,解析了个人的德行、个人的解脱以及个人对社会的责任,要求常常自省以达到内心的平静,要摈弃一切无用和琐屑的思想、正直地思考。 |
| ● |
| 相关链接 |
|
|
|
|
正题名:沉思录
索取号:B502.43/119
 
预约/预借
| 序号 | 登录号 | 条形码 | 馆藏地/架位号 | 状态 | 备注 |
| 1 | 1102961 | 211029616 | 第一样本阅览室/ [索取号:B502.43/119] | 在馆 | |
| 2 | 1102962 | 211029625 | 教育系资料室/ [索取号:B502.43/119] | 在馆 | |
| 3 | 1102963 | 211029634 | 教育系资料室/ [索取号:B502.43/119] | 在馆 | |
| 4 | 1102964 | 211029643 | 教育系资料室/ [索取号:B502.43/119] | 在馆 | |
| 5 | 1102965 | 211029652 | 第一借阅区/ [索取号:B502.43/119] | 在馆 | |
| 6 | 1102966 | 211029661 | 第一借阅区/ [索取号:B502.43/119] | 在馆 |